Mathematik : Kleine Enzyklopädie
Salvato in:
| Natura: | Libro |
|---|---|
| Lingua: | tedesco |
| Pubblicazione: |
Leipzig :
VEB Verlag Enzyklopädie,
1967
|
| Soggetti: | |
| Tags: |
Nessun Tag, puoi essere il primo ad aggiungerne!!
|
MARC
| LEADER | 00000nam a22000003a 4500 | ||
|---|---|---|---|
| 001 | stu88453 | ||
| 005 | 20150408175225.5 | ||
| 008 | 040629s1967----ge------------------ger-d | ||
| 040 | |a STU |b slo | ||
| 041 | 0 | |a ger | |
| 044 | |a ge | ||
| 080 | |a 51(03) | ||
| 245 | |a Mathematik : |b Kleine Enzyklopädie | ||
| 260 | |a Leipzig : |b VEB Verlag Enzyklopädie, |c 1967 | ||
| 300 | |a 837 s | ||
| 650 | 7 | |a matematika |2 stusub | |
| 996 | |b 284J022005 |c J*28336 |l JJK16 |s P |a 0 |w stu88453_0001 | ||